Pilsen public transport stops - Statistics

General Stats
  • This quiz has been taken 43 times
    6 since last reset
  • The average score is 64 of 335
Answers on the Map
Answers color-coded by a green-red scale on the quiz's map according to % correct below.
 
Answer Stats
Lines Stop % Correct
1;2;13;14; Anglické nábřeží
75%
1;24;25;34;58;N1; Bolevec
75%
4;19;21;23;24;25;26;30;32;36;39;42;N1; Bory
75%
1;N2;N5; Liliová
75%
1;2;20;33;40;N1;N4; Náměstí Republiky
75%
4; Univerzita
75%
4;10;11;12;15;16;17;20;27;N1;N2;N3;N4;N5;N6;N7;N12; U Práce
75%
4;25;27;41;56;N1;N4; Zoologická zahrada
75%
2; Bazén Slovany
50%
1;24;25;30;N1;N4; Bolevecká náves
50%
30;N4; Bolevecký rybník
50%
4;19;21;23;30;32;36;39;N1;N4; Borský park
50%
4; Boženy Němcové
50%
12; Božkov
50%
11;18;28;41;56; CAN Husova
50%
2; CAN Skvrňanská
50%
10;13;N2;N5; Černice
50%
4;N1;N4; Chodské náměstí
50%
4;16;19;22;N1;N4; Dobrovského
50%
16;17;28;29;38;N3;N6;N11; Doubravka
50%
4; Dvořákova
50%
11;13;15;16;17;28;N3;N6; Gambrinus
50%
1;2;11;15;16;17;N3;N6; Hlavní nádraží
50%
1;2; Hlavní pošta
50%
1;N2;N5; Jedlová
50%
24;30; Komenského
50%
4;N3;N6; Košutka
50%
11;37;41; Křimice
50%
N11; Kyšice
50%
24;25;37;43;N2;N5; Lábkova
50%
1;25;33;34;40; Lékařská fakulta
50%
12;N11; Letkov
50%
15;N3;N6; Lobzy
50%
1;25;N1;N4; Majakovského
50%
4;N1;N4; Masarykovo náměstí
50%
1; Mozartova
50%
4;29; Náměstí Míru
50%
13;32;50; NC Černice
50%
25;33;34; Nemocnice Lochotín
50%
12;15;17;19;43;N7; Nová Hospoda
50%
1;24;25;30;34;58;N1;N4; Okounová
50%
24;30;N1; Panasonic
50%
4; Plzeňka
50%
1;4; Pod Záhorskem
50%
11; Pod Zámečkem
50%
11;24;25;35;37;N5; Radčice
50%
27;33;34;40;41;56;N1;N3;N4;N6; Rondel
50%
1;2;4;20;27;28;34;41;56;N3;N6; Sady Pětatřicátníků
50%
4;24;30;33;40;N3;N6; Severka
50%
27;30;33;40;N3;N6; Sídliště Košutka
50%
2; Skvrňany
50%
1;10;13;22;23;29;30;31;51;N2;N5; Slovany
50%
51; Starý Plzenec
50%
N12; Stod
50%
2; Terezie Brzkové
50%
2;12; U Duhy
50%
1;25;34;N1;N4; U Gery
50%
26; Valcha
50%
41;56; Vinice
50%
24;25;43;N2;N5; Zadní Skvrňany
50%
20;58; Zruč - Senec
50%
16;19;22;N1;N4; Adelova
25%
25;41;56; Amfiteátr
25%
22;51;N5; Barvínková
25%
20;58;N4; Bílá Hora
25%
15;18;19;25;29;30; Borská pole
25%
25;41;56;N1;N4; Brněnská
25%
2; Brojova
25%
10;13;N2;N5; Bručná
25%
28; Bukovec
25%
11;12;18;N2;N5; CAN Tylova
25%
10;13;23;N2;N5; Čechurov
25%
38;N6; Červený Hrádek
25%
26;42; Chaty
25%
24;25;37;41;56;N5; Chebská
25%
30; Čisticí stanice
25%
28;41;56; Divadlo J. K. Tyla
25%
35; Dolní Vlkýš
25%
10;13;14;29; Doudlevce ETZ
25%
10;13;23;N2;N5; Fialková
25%
12;15;17;19;24;N7; Folmavská rondel
25%
13;14;20;33;40; Goethova
25%
25;41;56;N1;N4; Hodonínská
25%
24;30; Hokejová hala
25%
31; Hradiště
25%
11; Hřbitovní
25%
28;30; Husův park
25%
10;15;16;17;18;19;22;N7; Jižní Předměstí
25%
2; Karla Steinera
25%
15;17;18;19;22;N7; Karlov
25%
15;17;18;22;32;N7; Ke Karlovu
25%
24;25; Ke Kovářce
25%
13; K Losiné
25%
25;33; K Nemocnici
25%
23;32; Konvalinková
25%
22;51; Koterov
25%
13; K Radyni
25%
24;30;33;40;N3;N6; Krašovská
25%
26;42; Lašitov
25%
26;42; Lhota
25%
N12; Líně
25%
21; Litice
25%
11;35;37;N5; Malesice
25%
2;N2;N5; Malesická
25%
30;N4; Malý Bolevec
25%
56; Město Touškov
25%
1;2;N2;N5; Mikulášské náměstí
25%
10;11;12;15;16;17;20;27;34;N1;N2;N3;N4;N5;N6;N7;N11;N12; Mrakodrap
25%
N1; N2; N3; N4; N5; N6; N11; N12; Muzeum
25%
20;30;58; Nádraží Bílá Hora
25%
12; Nádraží Skvrňany
25%
12;29;30; Nádraží Slovany
25%
26;42; Nádraží Valcha
25%
16;19;22; Náměstí Českých bratří
25%
2; Náměstí Generála Píky
25%
28; Na Rychtářce
25%
12; Na Spojce
25%
26;42;N4; Náves Lhota
25%
11;24;25; Náves Radčice
25%
15;17;18;19;22;29;N7;N12; NC Borská pole
25%
27;30; NC Úněšovská
25%
16;19;22;N1;N4; Nemocnice Bory
25%
27; Nemocnice Privamed
25%
26; Nová Ves
25%
26; Nová Ves, u lesa
25%
1; Olšová
25%
34; Orlík
25%
20;33;40;N1;N4; Otýlie Beníškové
25%
2; Palackého náměstí
25%
28; Papírna Bukovec
25%
11;12;14;15;16;17;34;N2;N3;N5;N6; Pařížská
25%
22;51; Pekárna
25%
11; Pietas
25%
26;42; Pod Dubovkou
25%
23;32; Podhájí
25%
16;17;28;29;30;38;N3;N6; Poliklinika Doubravka
25%
29;30; Poliklinika Slovany
25%
29;30; Pošta Francouzská
25%
13;28; Prazdroj
25%
10;13;14; Prokopova
25%
2;N2;N5; Radnice Slovany
25%
23;32; Radobyčice
25%
24;25; Regensburská rondel
25%
29;30; Rolnické náměstí
25%
26; Severní
25%
14;16;30; Sídliště Bory
25%
30; Šimerova
25%
2;12; Škoda III. brána
25%
22;32; Škoda VIII. brána
25%
2; Slovanské údolí
25%
41;56; Slupská
25%
N1; N2; N3; N4; N5; N6; N12; Smetanovy sady
25%
4;33;40;N3;N6; Sokolovská
25%
42; Špačková
25%
51; Starý Plzenec, nádraží
25%
51; Starý Plzenec, Sedlec
25%
13;16;17;28; Stavební stroje
25%
2;22;51;N2;N5; Světovar
25%
15;17;18;19;22;N7; Techmania
25%
4; Technická
25%
34;58; Třemošná, Orlík
25%
10;11;12;15;16;17;18;N2;N5;N7; Tylova
25%
14;22;23;30;32;39; Tyršův most
25%
19;24;25;26;42; U Darebáka
25%
4;25;33;40;N1;N4; U Družby
25%
15;29;30;N3;N6; U Pietasu
25%
10;13;14; U Plynárny
25%
22; U Přivaděče
25%
26;42;N4; U Prodejny
25%
25;33;40;N1;N4; Úřad Lochotín
25%
10;13;31;N2;N5; U Školky
25%
10;13;23;32;N2;N5; U Staré Kovárny
25%
11; Ústřední hřbitov
25%
21;36;39;N4; Věznice Bory
25%
24;30;N1; Vltava
25%
56; Vochov
25%
56; Vochov, rozc.
25%
10;13;22;29;30; Vodárna
25%
22;51;N2;N5; Vozovna Slovany
25%
1; Vřesová
25%
24;25;43; Waltrova
25%
19;24;25;30;N1; Západočeská univerzita
25%
N12; Zbůch
25%
10;13;14; Zimní stadion
25%
24;30;33;40;N3;N6; Žlutická
25%
10; Belánka
0%
N11; Bušovice
0%
Bušovice, konečná
0%
N11; Bušovice, Sedlecko
0%
29; Čermákova
0%
28; Chlumek
0%
N12; Chotěšov, u kláštera
0%
N12; Chotěšov, žel. st.
0%
N11; Chrást, Lidový dům
0%
N11; Chrást, ZŠ
0%
23;31; Chválenická
0%
15;17;18;19;N7; Cínová
0%
25; Daiho
0%
11;15;N3;N6; Divadlo Alfa
0%
12;43; Domažlická rondel
0%
N11; Dýšina, Armaturka
0%
N11; Dýšina, náves
0%
28;38; Ejpovická
0%
Františkánská
0%
10;13;23;N2;N5; Generála Lišky
0%
14;22; Gigant
0%
19;29;32; Goldscheiderova
0%
16;17;28;29;38;N3;N6; Habrmannovo nám.
0%
22;51; Hasičská stanice
0%
12;43; Hřbitov Zátiší
0%
22; Jasmínová
0%
28; Jatky
0%
Jízdecká
0%
39; Kalendářní
0%
11; Kalikova
0%
12; K Bukové
0%
22;51; K Dráze
0%
13; Ke Kukačce
0%
13;38; Ke Špitálskému lesu
0%
30; Kovošrot
0%
56; Kozolupy, I
0%
56; Kozolupy, u Jána
0%
10;13;23;32;N2;N5; K Plzenci
0%
30; K Prokopávce
0%
31; K Řečišti
0%
24;25;37;41;56;N5; K Rozvodně
0%
23;32; Kruhová
0%
12; Letkov, U Studánky
0%
12; Letkov, u zrcadla
0%
12; Letkov, V Podlesí
0%
11;15;N3;N6; Letná
0%
N12; Líně, Sulkov
0%
25;N1;N4; Lochotínský pavilón
0%
23;32; Luftova zahrada
0%
2;24;25;37;43;N2;N5; Macháčkova
0%
20; Malická
0%
22; Malvíny
0%
22;51; Mezi Ploty
0%
12; Mikulášská
0%
22;30; Mlýnské nábřeží
0%
19;25; Morseova
0%
13; Na Dlouhých
0%
23;32; Nad Úhlavou
0%
28;N6; Náměstí Karla Panušky
0%
38;N6; Na Rozcestí
0%
39; Na Rozhraní
0%
21;36;N4; Náves Litice
0%
12;15;17;19;43;N7; Nová Hospoda rondel
0%
25;29; Obchodní
0%
25;29; Obchodní rondel
0%
16;17;29;30;38;N3;N6; Opavská
0%
32; Pampelišková
0%
12; Panelárna
0%
12; Petřínská
0%
12; Petrohrad
0%
19;25; Plochá dráha
0%
11;24;25; Pod Kyjovem
0%
29; Poliklinika Bory
0%
41;56; Pošta logistika
0%
2; Přední Skvrňany
0%
21;36; Přeučilova
0%
43; Prostřední
0%
14; Průmyslová
0%
10; Radobyčická
0%
23;32;N5; Radobyčická náves
0%
14; Révová
0%
39; Říjnová
0%
23;32;N5; Rozcestí Podhájí
0%
28;N6; Rozcestí Újezd
0%
38;N6; Safírová
0%
10;13;14; Samaritská
0%
36; Sídliště Litice
0%
27; Skautská
0%
2;N2;N5; Školy Vejprnická
0%
N2;N5; Sladová
0%
36; Šlovická
0%
15; Sokolská
0%
12; Stadion Lokomotivy
0%
25; Staré letiště
0%
50;N11; Starý Plzenec, Bezručova
0%
51;N11; Starý Plzenec, Malá Strana
0%
50;51; Starý Plzenec, Nad tratí
0%
51;N11; Starý Plzenec, náměstí
0%
51; Starý Plzenec, Sedlec, Školní
0%
51; Starý Plzenec, U Mlýna
0%
50;51; Starý Plzenec, u školy
0%
50;51; Starý Plzenec, Vilová čtvrť
0%
51; Starý Plzenec, zdrav. stř.
0%
41;56; Sulislavská
0%
28; Svatojirská
0%
28; Švihovská
0%
28; Teplárna
0%
13;16;17; Těšínská
0%
27; Tleskačova
0%
58; Třemošná, Pod Luhovou
0%
34;58; Třemošná, sídliště
0%
58; Třemošná, u pošty
0%
34;58; Třemošná, ves
0%
21;36;39;N4; Tyršův sad
0%
41;56; U Apolla
0%
29;30; U Astry
0%
11; U Bouzků
0%
12; U Dráhy
0%
23;32; U Hřbitova
0%
U Ježíška
0%
10;13;N2;N5; U Kasáren
0%
20;58; U Kondrů
0%
24;30;N1; U Letiště
0%
14;16;19;21;23;26;32;36;39;42;N1;N4; U Luny
0%
15;17;18;19;24;29;30;N7; U Nové Hospody
0%
15;17;18;19;22;29;N7; U Panasoniku
0%
21;36;39;N4; U Přehrady
0%
10;13;14; U Radbuzy
0%
N2;N5; U Světovaru
0%
U Synagogy
0%
14;16;19;23;32;39;N1;N4; U Teplárny
0%
38;N6; U Továrničky
0%
11; U Václava
0%
N12; Vejprnice, bytovky
0%
N12; Vejprnice, Náves
0%
N12; Vejprnice, Pod farou
0%
36; Větrná
0%
21;36; Višňovka
0%
20; V Ráji
0%
23;32; V Zahradách
0%
20; Zadní Roudná
0%
11;24;25;37;N5; Zámecké náměstí
0%
12;43; Zátiší
0%
N12; Zbůch, Starý důl rozc.
0%
31; Zelenohorská
0%
11;15;16;17; Železniční poliklinika
0%
20;58; Zruč - Senec, rozc.
0%
20;58; Zruč - Senec, u Drudíků
0%
20;58; Zruč - Senec, U pomníku
0%
20;58; Zruč - Senec, V koutě
0%
No matching quizzes found
Score Distribution
Percent of People with Each Score
Percentile by Number Answered
Your Score History
You have not taken this quiz since the last reset